| 000 | 00960nab a2200289 a 4500 | ||
|---|---|---|---|
| 005 | 20210219162057.0 | ||
| 008 | 991125s1985 mx 000 0 spa u | ||
| 035 | _aUPN01000197374 | ||
| 049 | _aART | ||
| 100 | 1 | _aRomero Fernández, Raquel | |
| 100 | 1 | _uraquelr.fdz@hotmail.com | |
| 222 | _aINVESTIGACION EN LA ESCUELA | ||
| 245 | _a¿ Se trabaja por competencias el conocimiento del medio natural en primaria ? : análisis del pensamiento del maestro y de los manuales escolares | ||
| 260 | _aSevilla, España | ||
| 300 | _a43-56 | ||
| 362 | 0 | _a2013 No. 81 | |
| 653 | 0 | _aCONOCIMIENTO DEL MEDIO | |
| 653 | 0 | _aEDUCACION PRIMARIA | |
| 653 | 0 | _aCOMPETENCIAS | |
| 653 | 0 | _aANDALUCIA, ESPAÑA | |
| 653 | 0 | _aLIBROS DE TEXTO | |
| 700 | 1 |
_aRodríguez Miranda, Francisco P., _ecoaut. |
|
| 700 | 1 | _ufrancisco.paula@dedu.uhu.es | |
| 700 | 1 |
_aDe las Heras Pérez, María Angeles, _ecoaut. |
|
| 700 | 1 | _udelasherasd@ddcc.uhu.es | |
| 905 | _aArticulo | ||
| 999 |
_c169475 _d169475 |
||